| 000 | 00576nam a22001937a 4500 | ||
|---|---|---|---|
| 003 | OSt | ||
| 005 | 20151203100534.0 | ||
| 008 | 130307t xxu||||| |||| 00| 0 eng d | ||
| 020 | _a9780749950095 | ||
| 050 |
_aQB 638.8. _b.W256 2007 |
||
| 082 | _aIB 525.01 | ||
| 100 | _aWard, Peter | ||
| 245 |
_aThe life and death of planet earth _bhow the new science of astrobiology charts the ultimate fate of our world _cPeter D. Ward |
||
| 260 |
_aLondon _bJudy Piatkus Limited _c2007 |
||
| 300 |
_a240 pages., _bill. _c24 cm. |
||
| 562 | _e1 | ||
| 942 |
_2lcc _cBK |
||
| 999 |
_c2162 _d2162 |
||